| 000 | 00867nam a2200265 a 4500 | ||
|---|---|---|---|
| 001 | BRCA_7241 | ||
| 005 | 20190320205750.0 | ||
| 008 | 251108s1939----mx-a---###---#000-0#spa-u | ||
| 041 | _aspa | ||
| 044 | _amx | ||
| 050 | 4 |
_aNK4032 _b.C47 1 1939 |
|
| 100 | 1 |
_aCervantes, Enrique A. _9383 |
|
| 245 | 1 | 0 |
_aLoza blanca y azulejo de Puebla _ctexto, fotografías y dibujos de Enrique A. Cervantes. |
| 260 |
_aMéxico _bM. Casas _c1939 |
||
| 300 |
_a2 v. _bil. _c28 cm. |
||
| 500 | _aEjemplares numerados 146 y 996 de 2,000. | ||
| 500 | _aLa biblioteca cuenta además con el vol. 2 donado por Eugenio Sisto ubicado en acervo contemporáneo | ||
| 500 | _aEjemplar igual a AM74 y CFG41 (4 ej.) | ||
| 500 | _aA14 | ||
| 650 | 1 | 4 |
_aCerámica mexicana _917943 |
| 650 | 1 | 4 |
_aAzulejos poblanos _97260 |
| 650 | 1 | 4 |
_aCerámica _zPuebla _917944 |
| 902 | _aGFM | ||
| 942 |
_2lcc _cB |
||
| 999 |
_c6922 _d6922 |
||